Odissi: A dance of Sculpture (Record no. 526718)

000 -LEADER
fixed length control field 00305nam a22000977a 4500
082 ## - DEWEY DECIMAL CLASSIFICATION NUMBER
Classification number SNT OA55x5414 W528
100 ## - MAIN ENTRY--PERSONAL NAME
Personal name Weston, Michael and Tandon, Rekha
9 (RLIN) 46278
245 ## - TITLE STATEMENT
Title Odissi: A dance of Sculpture
Remainder of title By Weston, Michael and Tandon, Rekha
260 ## - PUBLICATION, DISTRIBUTION, ETC. (IMPRINT)
Place of publication, distribution, etc New Delhi
Name of publisher, distributor, etc The Kai Trust
Date of publication, distribution, etc 2012
300 ## - PHYSICAL DESCRIPTION
Extent 125p
Holdings
Withdrawn status Lost status Source of classification or shelving scheme Damaged status Koha normalized classification for sorting Not for loan Permanent location Current location Date acquired Full call number Barcode Date last seen Price effective from Koha item type
        SNT_OA55X5414_W528   Indian Institute of Public Administration Indian Institute of Public Administration 2024-06-20 SNT OA55x5414 W528 GR25174 2024-06-20 2024-06-20 GR

Powered by Koha